|
|
|
|
| LEADER |
00000nam0a2200000 4500 |
| 001 |
157935 |
| 005 |
20231031154050.0 |
| 010 |
|
|
|a 5839600237
|
| 035 |
|
|
|a (RuTPU)RU\TPU\book\171308
|
| 035 |
|
|
|a RU\TPU\book\171303
|
| 090 |
|
|
|a 157935
|
| 100 |
|
|
|a 20090415d1992 m y0rusy5003 ca
|
| 101 |
1 |
|
|a rus
|c eng
|
| 102 |
|
|
|a RU
|
| 105 |
|
|
|a a z 000ab
|
| 200 |
1 |
|
|a Собрание сочинений в 25 т.
|e пер. с англ.
|e романы
|h Т. 2
|i Истории Дональда Лэма
|
| 210 |
|
|
|a Москва
|c Ренессанс
|d 1992
|
| 215 |
|
|
|a 352 с.
|c ил.
|
| 225 |
1 |
|
|a Классическая библиотека детектива, приключений и фантастики
|d Серия В
|v Вып. 5
|
| 333 |
|
|
|a Исключено из фонда НТБ ТПУ
|
| 700 |
|
1 |
|a Гарднер
|b Э. С.
|g Эрл Стенли
|
| 801 |
|
0 |
|a RU
|b RuMRKP
|c 19950417
|g psbo
|
| 801 |
|
1 |
|a RU
|b 63413507
|c 20090415
|g PSBO
|
| 801 |
|
2 |
|a RU
|b 63413507
|c 20220623
|g PSBO
|
| 942 |
|
|
|c BK
|